Los dos mundos del nuevo mundo: cultura y economía en Angloamérica e Hispanoamérica
Guardat en:
| Autor principal: | |
|---|---|
| Format: | Llibre |
| Idioma: | espanyol |
| Publicat: |
Santiago
Tajamar Editores
2009
|
| Matèries: | |
| Etiquetes: |
Afegir etiqueta
Sense etiquetes, Sigues el primer a etiquetar aquest registre!
|
MARC
| LEADER | 00000cam a2200000 a 4500 | ||
|---|---|---|---|
| 001 | UCG9041 | ||
| 003 | CL-VaPUC | ||
| 008 | 120120e20090000CL |||||||||||||||||spa|d | ||
| 020 | |a 9789568245962 | ||
| 082 | 0 | 4 | |a 320.95 |b VEL |2 21 |
| 100 | 0 | |a Véliz, Claudio |e author |9 560407 | |
| 245 | 1 | 4 | |a Los dos mundos del nuevo mundo: cultura y economía en Angloamérica e Hispanoamérica |
| 300 | |a 316 p | ||
| 942 | |c BK | ||
| 945 | |d 20120120 00:00:00 |a dcastane | ||
| 260 | |a Santiago |b Tajamar Editores |c 2009 | ||
| 650 | 0 | |a Sociología |9 255410 | |
| 650 | 0 | |a Política |9 255312 | |
| 650 | 0 | |a Cultura |9 269059 | |
| 650 | 0 | |a Economía |9 255568 | |
| 650 | 0 | |a Desarrollo político |9 323087 | |
| 650 | 0 | |a Historia de América |9 266076 | |
| 583 | |a last modification |c 20120120 10:38:00 |k Rodrigo Vera | ||
| 999 | |c 346626 |d 346624 | ||
| 952 | |0 0 |1 0 |4 0 |6 320_950000000000000_VEL_2009 |7 0 |8 A |9 447422 |a BIBHIS |b BIBHIS |d 2019-11-22 |i 4830962 |o 320.95 VEL 2009 |p 4830962 |r 2025-01-20 |w 2019-11-22 |y BK |k HIS | ||